Business Law (Record no. 10792)

MARC details
000 -LEADER
fixed length control field 00361nam a2200145Ia 4500
008 - FIXED-LENGTH DATA ELEMENTS--GENERAL INFORMATION
fixed length control field 191201s2011 xx 000 0 und d
082 ## - DEWEY DECIMAL CLASSIFICATION NUMBER
Classification number 346.065
Item number SIB
100 ## - MAIN ENTRY--PERSONAL NAME
Personal name SINGH, Avtar
245 #0 - TITLE STATEMENT
Title Business Law
250 ## - EDITION STATEMENT
Edition statement 11th
260 ## - PUBLICATION, DISTRIBUTION, ETC. (IMPRINT)
Place of publication, distribution, etc New Delhi
Name of publisher, distributor, etc EBC Explorer
Date of publication, distribution, etc 2020
300 ## - PHYSICAL DESCRIPTION
Extent 963
650 ## - SUBJECT ADDED ENTRY--TOPICAL TERM
Topical term or geographic name as entry element B Com
942 ## - ADDED ENTRY ELEMENTS (KOHA)
Source of classification or shelving scheme Dewey Decimal Classification
Koha item type Text Books
942 ## - ADDED ENTRY ELEMENTS (KOHA)
-- 5
Holdings
Withdrawn status Lost status Source of classification or shelving scheme Damaged status Not for loan Collection code Home library Current library Date acquired Source of acquisition Currency Cost, normal purchase price Bill Number Total Checkouts Full call number Acc. no. / Barcode Date last seen Actual Cost, discounted price Bill Date Koha item type Date last borrowed
    Dewey Decimal Classification     B.Com PIET NCR College Library PIET NCR College Library 16/07/2021 Kirti Prakashan IN Rupees 985.00 IN2274   346.065 SIB N1409 04/08/2021 738.75 16/07/2021 Reference Books  
    Dewey Decimal Classification     B.Com PIET NCR College Library PIET NCR College Library 16/07/2021 Kirti Prakashan IN Rupees 985.00 IN2274   346.065 SIB N1410 04/08/2021 738.75 16/07/2021 Text Books  
    Dewey Decimal Classification     B.Com PIET NCR College Library PIET NCR College Library 16/07/2021 Kirti Prakashan IN Rupees 985.00 IN2274 2 346.065 SIB N1411 15/07/2022 738.75 16/07/2021 Text Books 19/04/2022
    Dewey Decimal Classification     B.Com PIET NCR College Library PIET NCR College Library 16/07/2021 Kirti Prakashan IN Rupees 985.00 IN2274 2 346.065 SIB N1412 16/12/2021 738.75 16/07/2021 Text Books 30/11/2021
    Dewey Decimal Classification     B.Com PIET NCR College Library PIET NCR College Library 16/07/2021 Kirti Prakashan IN Rupees 985.00 IN2274 1 346.065 SIB N1413 18/10/2021 738.75 16/07/2021 Text Books 13/09/2021

Design & Developed by: PIET Central Library
R70 Miles Stone Pattikalyana Samalkha Panipat 132102
mail ID :- [email protected], Phone No:- 0180-2569700 Ex.216